| 000 | 00641nam a22002297a 4500 | ||
|---|---|---|---|
| 003 | URS | ||
| 005 | 20250828100450.0 | ||
| 008 | 160519b xxu||||| |||| 00| 0 eng d | ||
| 040 |
_aURS _cURS |
||
| 041 | _aeng | ||
| 050 | 0 | 0 |
_aLB 1051 _b.K28 1974 |
| 100 | 1 |
_aKapunan, Rocio Reyes _eauthor |
|
| 245 |
_aEducational psychology _cRocio R. Kapunan |
||
| 250 | _aFourth edition | ||
| 264 |
_aManila _bRex Book Store _c©1974 |
||
| 300 |
_aviii, 164 pages : _billustrations ; _c22 cm |
||
| 336 |
_2rdacontent _atext |
||
| 337 |
_2rdamedia _aunmediated |
||
| 338 |
_2rdacarrier _avolume |
||
| 650 | _aEducational psychology. | ||
| 942 |
_cF _2lcc |
||
| 999 |
_c84644 _d84642 |
||